[Event "Llinars del Valles op-B 8th"]
[Site "Llinars del Valles"]
[Date "2014.05.03"]
[Round "2"]
[White "Gonzalez Moreno, Antoni"]
[Black "Paez Lancho, David"]
[Result "1-0"]
[WhiteElo "1936"]
[BlackElo "1809"]
[PlyCount "75"]
[EventDate "2014.04.26"]
[EventType "swiss"]
[EventRounds "8"]
[EventCountry "ESP"]
[SourceTitle "EXT 2015"]
[Source "ChessBase"]
[SourceDate "2014.11.20"]
[SourceVersion "1"]
[SourceVersionDate "2014.11.20"]
[SourceQuality "1"]

1. c4 c6 2. Nc3 d5 3. cxd5 cxd5 4. d4 e6 5. Nf3 Nf6 6. e3 Bd6 7. Bd3 0-0 8. Bd2 Nbd7 9. 0-0 b6 10. Nb5 Ba6 11. Qb3 Bxb5 12. Bxb5 Rc8 13. Rac1 Qe7 14. Ba6 Rb8 15. Rfd1 Ne4 16. Be1 Ndf6 17. Rc2 Ng4 18. h3 Nh6 19. Bb5 Nf5 20. Bd3 Nh4 21. Bxe4 dxe4 22. Nxh4 Qxh4 23. f3 Qh5 24. Rc6 Rbd8 25. fxe4 Kh8 26. Rd2 a5 27. a3 Qg5 28. e5 a4 29. Qc2 Be7 30. Qe4 f5 31. exf6 Rxf6 32. Bh4 Qf5 33. Qxf5 Rxf5 34. Bxe7 Re8 35. Rxb6 Rxe7 36. Rb8+ Re8 37. Rxe8+ Rf8 38. Rxf8# 1-0